00377nam a2200145Ia 4500008004100000020001500041041001200056082001100068100001700079245006400096260003500160300000800195650001200203700001600215221030s9999 xx 000 0 und d a8187433035 aEnglish a105.23 aK. K. Sharma 0aKirti`s Engineeering Physicscby K. K. Sharma, R. K. Sinha bKirti PublishersaJammuc1999 a275 aPhysics aR. K. Sinha